000 00345 a2200133 4500
005 20250612121016.0
020 _a0-340-804920
082 _aLECT 658.3 SOM
100 _aSOMERS, M.
245 _aCoaching: in a week
260 _aLondon,
_bHodder & Stoughton,
_c2002.
300 _a96p.: ill.; figure, picture, table.
_c20cm.
942 _2ddc
_cBKS
999 _c3852
_d3852